| 000 | 00962nam a22002417a 4500 | ||
|---|---|---|---|
| 999 |
_c7105 _d7105 |
||
| 003 | AR-CdUCM | ||
| 008 | 190319b ||||| |||| 00| 0 spa d | ||
| 040 |
_aMUNICIPALIDAD PROVINCIAL DEL CUSCO _cBIBLIOTECA MUNICIPAL DEL CUSCO |
||
| 082 |
_a330.1 / _bG96 |
||
| 100 |
_aGutmann, Peter M. _920019 |
||
| 245 |
_aCrecimiento económico : _bproblema de todos / |
||
| 260 |
_aMexico : _bUteha, _c1966. |
||
| 300 |
_a288 + 11 páginas ; _c17 cm. |
||
| 440 |
_aManuales Uteha _n338/338a _920020 |
||
| 505 | _aAnatomía del crecimiento económico -- Metas para el decenio actual -- Predicción económica a diez años -- El producto nacional bruto en la unión soviética -- Crecimiento económico de los estados unidos... | ||
| 650 |
_aEconomía. _9382 |
||
| 650 |
_aCrecimiento económico. _92403 |
||
| 650 |
_aPBI. _93978 |
||
| 650 |
_aEconomía de estados unidos. _920021 |
||
| 700 |
_aCastaño, Alfonso (traductor) _920022 |
||
| 942 |
_2ddc _cLIBROS |
||
| 945 | _awfj | ||